000 00726nam a2200265Ia 4500
003 OSt
005 20221005073444.0
006 a|||||r|||| 00| 0
007 ta
008 221004b |||||||| |||| 00| 0 urd d
020 _c8.00
024 _a6080
037 _cTextual
040 _aCRL
_cCRL
_burd
041 _2urd
_aurd
082 _aO168,4N29x, K9
100 _aYunus Mohammad Au.
_9607999
245 0 _aQaidi ke Khat
260 _aNew Delhi
_bIdara e shama
_c1969
300 _a184p.
_ccm.
650 _aURDU LETTERS
700 _a Zaidi Basheer Hussian Ed.
_9608000
942 _hO168,4N29x, K9
_cTEXL
_2cc
999 _c981125
_d981125